| 000 | 00764cam a22002413a 4500 | ||
|---|---|---|---|
| 001 | 20120 | ||
| 003 | PGUSA | ||
| 005 | 20140828083427.0 | ||
| 008 | 061216s2006||||xxu|||||s|||||000 | eng d | ||
| 040 |
_aPGUSA _beng |
||
| 042 | _adc | ||
| 050 | 4 | _aBX | |
| 100 | 1 |
_aChiniquy, Charles Paschal Telesphore, _d1809-1899 |
|
| 245 | 1 | 4 |
_aThe Priest, The Woman And The Confessional _h[electronic resource] / _cCharles Paschal Telesphore Chiniquy |
| 260 |
_bProject Gutenberg, _c2006 |
||
| 506 | _aPublic domain in the USA. | ||
| 516 | _aElectronic text | ||
| 653 | _aCatholic Church -- Controversial literature -- Protestant authors | ||
| 653 | _aConfession | ||
| 830 | 0 |
_aProject Gutenberg _v20120 |
|
| 856 | 4 | 0 | _uhttp://www.gutenberg.org/ebooks/20120 |
| 942 | _cEB | ||
| 999 |
_c249375 _d249375 |
||